Movies Quiz

Random Movies or Famous Quiz

Famous Movie Characters Quiz Stats

 Plays Quiz Updated Jul 20, 2014

Support Sporcle.
Go Orange.
Score 0/30 Timer 10:00
1 Play Today
% Correct
Darth Vader
98.7%
Indiana Jones
98.3%
Buzz Lightyear
96.2%
Capt. Jack Sparrow
91.1%
Dorothy Gale
88.9%
Dr. Hannibal Lecter
87.3%
Freddy Krueger
83.9%
Jason Voorhees
82.7%
Marty McFly
80.9%
The Dude
74.8%
Vito Corleone
71.1%
Norman Bates
67.4%
HAL-9000
60.8%
Jack Torrance
60.4%
Atticus Finch
58.3%
% Correct
Ellis Boyd 'Red' Redding
57.5%
Tyler Durden
57.2%
Ellen Ripley
56.4%
Beatrix Kiddo
53.7%
Tony Montana
50.8%
Gordon Gekko
49%
Lloyd Christmas
44.6%
Jules Winnfield
39%
Roger 'Verbal' Kint
38.6%
Raymond Babbitt
35.5%
Travis Bickle
32.9%
Anton Chigurh
24.1%
Penny Lane
21%
Maggie Fitzgerald
12.9%
Leonard Shelby
8.7%

You're not logged in!

Compare scores with friends on all Sporcle quizzes.
OR
Log In

From the Vault

'P' in Europe

by Cortez

Because 'Euroe' just felt a little weird.
Remove Ads.
Support Sporcle.
Get the best of Sporcle when you Go Orange. This ad-free experience offers more features, more stats, and more fun while also helping to support Sporcle. Thank you for becoming a member.

Show Comments

Extras

Top Quizzes Today


Score Distribution

Your Account Isn't Verified!

In order to create a playlist on Sporcle, you need to verify the email address you used during registration. Go to your Sporcle Settings to finish the process.

Report this User

Report this user for behavior that violates our Community Guidelines.

Details: